00545 2200193 4500001002100000005001500021035002000036007000300056008004100059020002200100082001000122084001600132100002000148245007200168260003400240300003500274650002200309990002000331INLIS00000000000292520260506055213 a0010-0526000016ta260506 f 0 ind  a978-602-7984-41-7 a338.1 a338.1 SCO m0 aScott, James C.1 aMoral Ekonomi Petani :bPergolakan dan Subsistensi di Asia Tenggara aDepok :bPustaka LP3ES,c2019 axx + 394 hlm. ;c15.5 x 23 cm. 4aEkonomi Pertanian a20260506.04.011